| 000 | 00757nam a22002413a 4500 | ||
|---|---|---|---|
| 005 | 20221014063936.0 | ||
| 008 | 010615m19921998mx r 000 0 spa d | ||
| 020 | _a9681639340 (10 dígitos) | ||
| 020 | _a9789681639341 (13 dígitos) | ||
| 035 | _aUPN01000108366 | ||
| 049 | _aCG | ||
| 050 | 4 |
_aR726.5 _bF8.6 1992 |
|
| 100 | 1 |
_aFuente Ramírez, Juan Ramón de la, _d1951- _940040 |
|
| 245 | 1 | 0 |
_aPsicología médica / _cRamón de la Fuente. |
| 250 | _a2a ed. | ||
| 260 |
_aMéxico : _bFCE, _c1992 (1998 impr.). |
||
| 300 | _a547 p. | ||
| 440 | 0 | _aBiblioteca de psicología, psiquiatría y psicoanálisis | |
| 650 | 4 |
_aMEDICINA Y PSICOLOGIA _926022 |
|
| 650 | 4 |
_aMEDICINA PSICOSOMATICA _916675 |
|
| 650 | 7 |
_aPsicopatología _2 _945619 |
|
| 905 | _aLibro | ||
| 999 |
_c82278 _d82278 |
||